4EVER - Clairo (Lyrics) - Statistics

General Stats
  • This quiz has been taken 13 times
  • The average score is 169 of 217
Answer Stats
Answer % Correct
a
100%
are
100%
i
100%
me
100%
am
88%
aren't
88%
be
88%
count
88%
ever
88%
for
88%
forever?
88%
gonna
88%
is
88%
it
88%
on?
88%
on
88%
so
88%
that
88%
the
88%
this
88%
to
88%
you
88%
around
75%
change?
75%
changed
75%
differently
75%
don't
75%
feel
75%
got
75%
hold
75%
in
75%
just
75%
look
75%
now?
75%
oh
75%
right
75%
same
75%
simple
75%
some
75%
things
75%
think
75%
tight
75%
want
75%
way
75%
we
75%
why
75%
your
75%
and
63%
i'll
63%
little
63%
or
63%
see
63%
sing
63%
song
63%
squeeze
63%
talk
63%
we'll
63%
what
63%
wondering
63%
bedroom
50%
called
50%
fade
50%
first
50%
get
50%
knew
50%
never
50%
our
50%
put
50%
seem
50%
tell
50%
away
38%
'bout
38%
coffee
38%
date
38%
give
38%
how
38%
i'm
38%
i've
38%
let
38%
morning
38%
thinking
38%
were
38%
i'd
25%
was
25%
words
25%
over
13%
saying
13%
understood
13%
No matching quizzes found
Score Distribution
Percent of People with Each Score
Percentile by Number Answered
Your Score History
You have not taken this quiz